Countries Starting with 'T' - Statistics

General Stats
  • This quiz has been taken 157 times
  • The average score is 10 of 11
Answer Stats
Continent Country % Correct
Asia Thailand
91%
Africa Togo
90%
Asia Turkmenistan
90%
North America Trinidad and Tobago
89%
Africa Tanzania
88%
Asia Turkey
88%
Asia Taiwan
87%
Oceania Tuvalu
86%
Asia Tajikistan
85%
Africa Tunisia
85%
Oceania Tonga
84%
No matching quizzes found
Score Distribution
Percent of People with Each Score
Percentile by Number Answered
Your Score History
You have not taken this quiz